Mots de la langue française terminés par "lion" - Statistiques

Statistiques générales
  • Ce quiz a été pris 278 fois
  • Le résultat moyen est 6 sur 15
Statistiques - réponses
Indice Réponse % Correct
1 000 000 million
97%
animal lion
92%
révolte rebellion
75%
milliard billion
71%
ancien navire galion
63%
« Œil pour œil, dent pour dent ». talion
59%
agitateur trublion
31%
petit organe assurant la filtration de la lymphe ganglion
29%
autre nom de Troie Ilion
22%
roi légendaire de l'île de Chypre Pygmalion
14%
insecte fourmilion
10%
brin d'osier plion
4%
faucheux opilion
2%
algue rouge nemalion
1%
chauve-souris vespertilion
1%
Aucun quiz correspondant
Distribution des résultats
% des personnes avec chaque résultat
Percentile par nombre de réponses
Votre historique - résultats
Vous n’avez pas pris ce quiz